00481 2200181 4500001002100000008004100021035002000062245005300082100002600135250000600161260003000167300002500197020002200222084001400244082000800258650001800266990001500284INLIS000000000003393 ind  a0010-0526000016 aX-Press TKA Bahasa InggriscWaskito Imam Nugroho aNugroho, Waskito Imam a8 aJakarta :bErlanggac2032 a95 hlmc21 x 25.5 cm a978-623-522-810-5 a420 WAS x a420 aBahasa Inggis a20122/B/26